000 00467nmm a2200169Ia 4500
008 251105s9999||||xx |||||||||||||||||und||
020 _a9788476588468
041 _aspa
100 _aNancy, Jean-Luc
245 0 _aEgo sum
264 _a[Madrid, España] :
_bAnthropos,
_c2007
300 _a146 páginas
490 _aAutores, textos y temas. Filosofía
650 _aPhilosophy, Ethics
856 _uhttps://public.digitaliapublishing.com/a/15680
942 _cCF
999 _c85179
_d85179